Human resources and higher education (Record no. 45950)

MARC details
000 -LEADER
fixed length control field 00614nam a2200157 a 4500
008 - FIXED-LENGTH DATA ELEMENTS--GENERAL INFORMATION
fixed length control field 120416s1970 ||||||||||||||||| || u
050 ## - LIBRARY OF CONGRESS CALL NUMBER
Classification number LB 2322 Fol
100 ## - MAIN ENTRY--PERSONAL NAME
Personal name Bayer, Alan E
245 10 - TITLE STATEMENT
Title Human resources and higher education
246 ## - VARYING FORM OF TITLE
Title proper/short title staff report of the commission on human resources and advanced education
260 ## - PUBLICATION, DISTRIBUTION, ETC.
Place of publication, distribution, etc. New York
Name of publisher, distributor, etc. Russell Sage Foundation
Date of publication, distribution, etc. 1970
300 ## - PHYSICAL DESCRIPTION
Extent xxxii, 473p. : ill.
350 ## - PRICE (NR) (BK AM CF MU VM SE) [OBSOLETE]
Price 0.00
700 ## - ADDED ENTRY--PERSONAL NAME
Personal name Folger, John K
995 ## - RECOMMENDATION 995 [LOCAL, UNIMARC FRANCE]
-- 0.00
-- CBU-MAIN LIBRARY (Kitwe)
-- 1
-- 17.50
-- 1
-- AVAILABLE
-- Annex Low-Usage Collection
Holdings
Withdrawn status Lost status Source of classification or shelving scheme Damaged status Not for loan Home library Current library Shelving location Date acquired Total Checkouts Full call number Barcode Date last seen Price effective from Koha item type
          CBU-MAIN LIBRARY, KITWE. CBU-MAIN LIBRARY, KITWE.   11/30/2022   LB 2322 Fol 009158 11/30/2022 11/30/2022 MONOGRAPH